MARC details
| 000 -LEADER |
| fixed length control field |
01123 a2200289 4500 |
| 001 - CONTROL NUMBER |
| control field |
200131039 |
| 003 - CONTROL NUMBER IDENTIFIER |
| control field |
TR-AnTOB |
| 005 - DATE AND TIME OF LATEST TRANSACTION |
| control field |
20231215153137.0 |
| 008 - FIXED-LENGTH DATA ELEMENTS--GENERAL INFORMATION |
| fixed length control field |
131217s2013 tu 000 0 |
| 020 ## - INTERNATIONAL STANDARD BOOK NUMBER |
| International Standard Book Number |
9786058651814 |
| 040 ## - CATALOGING SOURCE |
| Original cataloging agency |
TR-AnTOB |
| 041 ## - LANGUAGE CODE |
| Language code of text/sound track or separate title |
Türkçe |
| 050 ## - LIBRARY OF CONGRESS CALL NUMBER |
| Classification number |
HD62.4 |
| Item number |
G68 2013 |
| 090 ## - LOCALLY ASSIGNED LC-TYPE CALL NUMBER (OCLC); LOCAL CALL NUMBER (RLIN) |
| Classification number (OCLC) (R) ; Classification number, CALL (RLIN) (NR) |
HD62.4 G68 2013 |
| 100 ## - MAIN ENTRY--PERSONAL NAME |
| Personal name |
Govindarajan, Vijay |
| 9 (RLIN) |
1157 |
| 245 10 - TITLE STATEMENT |
| Title |
Ters inovasyon : |
| Remainder of title |
evden uzakta yarat, her yerde kazan / |
| Statement of responsibility, etc. |
Vijay.Govindarajan ; Chris Trimble ; çev. H. Can Utku ; önsöz Indra K. Nooyi. |
| 264 #1 - PRODUCTION, PUBLICATION, DISTRIBUTION, MANUFACTURE, AND COPYRIGHT NOTICE |
| Place of production, publication, distribution, manufacture |
Ankara : |
| Name of producer, publisher, distributor, manufacturer |
Modus Kitap, |
| Date of production, publication, distribution, manufacture, or copyright notice |
2013 |
| 300 ## - PHYSICAL DESCRIPTION |
| Extent |
219 sayfa ; |
| Dimensions |
resim ; |
| -- |
22 cm |
| 650 00 - SUBJECT ADDED ENTRY--TOPICAL TERM |
| Topical term or geographic name entry element |
Technological innovations |
| General subdivision |
Management |
| Form subdivision |
Case studies |
| 9 (RLIN) |
104907 |
|
| Topical term or geographic name entry element |
International business enterprises |
| General subdivision |
Management |
| Form subdivision |
Case studies |
| 9 (RLIN) |
94723 |
|
| Topical term or geographic name entry element |
Teknolojik yenilikler |
| General subdivision |
Yönetim |
| Form subdivision |
Vaka çalışmaları |
| Source of heading or term |
etuturkob |
| 9 (RLIN) |
104908 |
|
| Topical term or geographic name entry element |
Uluslararası ticari teşebbüsler |
| General subdivision |
Yönetim |
| Form subdivision |
Vaka çalışmaları |
| Source of heading or term |
etuturkob |
| 9 (RLIN) |
19009 |
|
| Topical term or geographic name entry element |
Stratejik planlama |
| Form subdivision |
Vaka çalışmaları |
| 9 (RLIN) |
49772 |
|
| Topical term or geographic name entry element |
Strategic planning |
| Form subdivision |
Case studies |
| General subdivision |
Case studies. |
| 9 (RLIN) |
1128 |
| 999 ## - SYSTEM CONTROL NUMBERS (KOHA) |
| -- |
T.o 17.12.2012 |
| 942 ## - ADDED ENTRY ELEMENTS (KOHA) |
| Koha item type |
Book |